000 00635nam a2200169 4500
001 131554
003 ES-MaACL
005 20230906194014.0
007 t|
008 070214s1981 sp r ||||1| spa d
100 1 _aRodríguez García, Dionisia.
_998537
245 1 0 _aDocumentación de Don Alfonso de Trastámara en el Archivo General de Simancas
_b: (1460-1468) /
_cDionisia Rodríguez García ; prólogo de María de la Soterraña Martín Postigo.
260 _aValladolid :
_b[s. n.],
_c1981.
300 _a63 p. ;
_c24 cm.
700 1 _aMartín Postigo, María de la Soterraña.
_977611
852 _aES-MaACL
_jL-1956
_bR.102752
999 _c131554
_d131554